Games Released in 2011 - Statistics

General Stats
  • This quiz has been taken 3 times
  • The average score is 10 of 55
Answer Stats
Answer % Correct
Dead Space 2
67%
Sonic Generations
67%
The Witcher 2
67%
Uncharted 3
67%
Assassin's Creed Revelations
33%
Batman Arkham City
33%
Battlefield 3
33%
Dark Souls
33%
De Blob 2
33%
Gears of War 3
33%
Infamous 2
33%
Killzone 3
33%
Kirby Mass Attack
33%
Kirby's Return to Dream Land
33%
LA Noire
33%
LittleBigPlanet 2
33%
Mario Kart 7
33%
Portal 2
33%
Rayman Origins
33%
Skylanders
33%
SOCOM 4
33%
Super Mario 3D Land
33%
Terraria
33%
The Elder Scrolls V Skyrim
33%
The Legend of Zelda Skyward Sword
33%
Ace Combat Assault Horizon
0%
Alice Madness Returns
0%
Call of Duty Modern Warfare 3
0%
Catherine
0%
Cave Story 3D
0%
Centipede Infestation
0%
Child of Eden
0%
Conduit 2
0%
Crysis 2
0%
Dead Island
0%
Dead or Alive Dimensions
0%
Deus Ex Human Revolution
0%
DIRT 3
0%
Driver San Francisco
0%
Fortune Street
0%
Forza Motorsport 4
0%
Halo Anniversary
0%
Lego Harry Potter Years 5-7
0%
Mortal Kombat
0%
MotorStorm Apocalypse
0%
Nintendogs+Cats
0%
Payday
0%
Rage
0%
Red Faction Armageddon
0%
Resistance 3
0%
Saints Row The Third
0%
Star Fox 64 3D
0%
Star Wars The Old Republic
0%
The Binding of Isaac
0%
The Legend of Zelda Ocarina of Time 3D
0%
No matching quizzes found
Score Distribution
Percent of People with Each Score
Percentile by Number Answered
Your Score History
You have not taken this quiz